000
00323nam a2200133Ia 4500
008
220216s9999 xx 000 0 und d
100
_a
Payne A R
245
0
_a
Carbon black structure in rubber
260
_b
IRI Transactions
_c
1963
300
_a
T125-T135
650
_a
Carbon black
700
_a
Watson W F
942
_c
JS
999
_c
55121
_d
55121